Central Library OPAC University of Rajshahi

Egyptian service, 1902-1946 / (Record no. 26713)

MARC details
000 -LEADER
fixed length control field 00747nam a2200265 a 4500
001 - CONTROL NUMBER
control field 26713
003 - CONTROL NUMBER IDENTIFIER
rucl marc code BD-RjUL
005 - DATE AND TIME OF LATEST TRANSACTION
control field 20211209051045.0
008 - FIXED-LENGTH DATA ELEMENTS--GENERAL INFORMATION
fixed length control field 140323s1949 enkabfc 000 0 eng
035 ## - SYSTEM CONTROL NUMBER
System control number (BD-RjUL)26783
040 ## - CATALOGING SOURCE
Original cataloging agency BD-RjUL
Language of cataloging eng
Transcribing agency BD-RjUL
Modifying agency BD-RjUL
041 ## - LANGUAGE CODE
Language code of text/sound track or separate title eng
051 ## - LIBRARY OF CONGRESS COPY, ISSUE, OFFPRINT STATEMENT
Copy information Copy 2.
082 ## - DEWEY DECIMAL CLASSIFICATION NUMBER
Classification number 916.2
Author mark and year PAE 1949
100 10 - MAIN ENTRY--PERSONAL NAME
Personal name Russell Pasha,
Dates associated with a name 1879-1954.
9 (RLIN) 82082
245 10 - TITLE STATEMENT
Title Egyptian service, 1902-1946 /
Statement of responsibility, etc. Thomas Russel Pasha.
260 0# - PUBLICATION, DISTRIBUTION, ETC. (IMPRINT)
Place of publication, distribution, etc. London :
Name of publisher, distributor, etc. Murray,
Date of publication, distribution, etc. 1949.
300 ## - PHYSICAL DESCRIPTION
Pagination ix, 294 p., [16] leaves of plates :
Illustrations ill. ;
Size 23 cm.
650 #0 - SUBJECT ADDED ENTRY--TOPICAL TERM
Topical term or geographic name as entry element Police
Geographic subdivision Egypt.
9 (RLIN) 82083
Topical term or geographic name as entry element Crime
Geographic subdivision England.
9 (RLIN) 16099
Topical term or geographic name as entry element Narcotics.
9 (RLIN) 82084
942 ## - ADDED ENTRY ELEMENTS (KOHA)
Source of classification or shelving scheme Dewey Decimal Classification
Koha item type Books
Holdings
Lost status Source of classification or shelving scheme Damaged status Not for loan Collection code Permanent Location Current Location Shelving location Date acquired Source of acquisition Cost, normal purchase price Total Checkouts Full call number Date last seen Copy number Koha item type
  Dewey Decimal Classification     Non-fiction Central Library, University of Rajshahi Central Library, University of Rajshahi   11/07/1966 Zeitlinger 12.06   916.2 PAE 1949 23/03/2014 C-2 Books